000 00400 a2200145 4500
005 20250624081250.0
020 _a978-1-264-70465-1
082 _a658.007 SCH
100 _aSCHINDLER, S . P
245 _aBusiness Research Methods
250 _a14th Ed.
260 _aNew York
_bMcGraw-Hill Irwin
_c2022.
300 _axxxi, 624p.: ill.; figures
_bAppendix, Index, References
_c27cm
942 _2ddc
_cBKS
999 _c4762
_d4762